000 01609cam a2200373 a 4500
003 CHAP
005 20220817043605.0
008 000118d1993 mx a r 00100 spa d
010 _a79275
011 _a80247
035 _a90696
040 _cCHAP
090 _aFolleto 15517
100 0 0 _aTrejo Orduña, Constantino.
_9114768
245 4 _aLos mamíferos de la Sierra Purépecha del estado de Michoacán
_c/por Constantino Trejo Orduña y Miguel A. Salas Páez
260 _aMéxico, D. F. :
_bINIFAP. División Forestal. Centro Nacional de Investigación Disciplinaria en Conservación y Mejoramiento de Ecosistemas Forestales,
_c1993.
300 _a32 p. :
_bilus.
410 _aINIFAP. División Forestal. Centro Nacional de Investigación Disciplinaria en Conservación y Mejoramiento de Ecosistemas Forestales
490 0 _aBoletín divulgativo
_v; 78
590 _aBATCH-UPD
_b10
_c20130110
_lUCH01
_h0742
590 _aBATCH-UPD
_b10
_c20130110
_lUCH01
_h2344
590 _aBATCH-UPD
_b10
_c20130410
_lUCH01
_h0424
590 _aBATCH-UPD
_b10
_c20130914
_lUCH01
_h0652
590 _aBATCH-UPD
_b10
_c20130914
_lUCH01
_h2141
590 _aCONVERSION
_b10
_c20130109
_lUCH01
_h1344
650 1 4 _aMamíferos
_xMichoacán.
_970250
700 0 _aSalas Páez, Miguel A.
_9101321
810 0 0 _aINIFAP. División Forestal. Centro Nacional de Investigación Disciplinaria en Conservación y Mejoramiento de Ecosistemas Forestales
_958714
830 0 _aBoletín divulgativo
_v; 78
901 _aBK
905 _aLilia Sánchez G.
942 _cFOLL
949 _aFolleto 15517
_bBC
_cFOLL
_d906961
_eTS1
_i90696
_sb
999 _c79275
_d79275